[Event "teach a newbie by beating him?"]
[Site "http://www.queenalice.com/game.php?id=8354"]
[Date "2005.3.31"]
[Round "-"]
[White "s4cryphycy4l"]
[Black "Boeing"]
[Result "0-1"]
[WhiteElo "1545"]
[BlackElo "1719"]

1. d4 e6 2. Nf3 c5 3. e4 cxd4 4. Nxd4 Qf6 5. Nc3 Bc5 6. Be3 a6 7. Bc4 b5 8. Be2
b4 9. Na4 d6 10. b3 e5 11. Nxc5 dxc5 12. Nf5 Bxf5 13. Bf3 Bd7 14. Bxc5 a5 15.
Qd5 Bc6 16. Qd3 Na6 17. Be3 Bb7 18. O-O Ne7 19. Rad1 O-O 20. Be2 Qg6 21. f3 Nc6
22. Qd7 Bc8 23. Qd2 Nd4 24. Bxd4 exd4 25. Qxd4 h5 26. Qf2 Nc7 27. Rd2 Ne6 28.
Qe3 h4 29. Kf2 Re8 30. Ke1 Rd8 31. Rxd8+ Nxd8 32. Kf2 Ba6 33. Bxa6 Rxa6 34. Rd1
Rd6 35. Rxd6 Qxd6 0-1

[Event "Challenge"]
[Site "http://www.queenalice.com/game.php?id=8355"]
[Date "2005.3.31"]
[Round "-"]
[White "nicou"]
[Black "s4cryphycy4l"]
[Result "1-0"]
[WhiteElo "1890"]
[BlackElo "1680"]

1. e4 c5 2. Nf3 d6 3. d4 cxd4 4. Nxd4 e5 5. Nb3 Nf6 6. Bd3 Be7 7. O-O O-O 8.
N1d2 Nc6 9. f4 Ng4 10. Qe2 exf4 11. Rxf4 Bg5 12. Rf1 Bf6 13. c3 Qb6+ 14. Kh1 Qc7
15. Nf3 Nce5 16. Bf4 Nxf3 17. Qxf3 g6 18. Qg3 Be5 19. Be2 Bxf4 20. Qxf4 Ne5 21.
Rad1 Be6 22. Nd4 Bxa2 23. Nb5 Qe7 24. Nxd6 Rad8 25. Nxb7 Qxb7 26. Qxe5 Rde8 27.
Qf6 Qxe4 28. Bf3 Qc2 29. Rd7 Qxb2 30. Qd4 Rc8 31. Bd5 Bxd5 32. Qxd5 Qxc3 33.
Rfxf7 Qc1+ 34. Rf1+ Kh8 35. Qd4+ Kg8 36. Qg7# 1-0

[Event "AUTO-OPEN-68"]
[Site "http://www.queenalice.com/game.php?id=8511"]
[Date "2005.4.1"]
[Round "1"]
[White "s4cryphycy4l"]
[Black "recruta_zero"]
[Result "0-1"]
[WhiteElo "1497"]
[BlackElo "1574"]

1. d4 e6 2. c4 Bb4+ 3. Nc3 Nf6 4. Bg5 h6 5. Bh4 Nc6 6. Nf3 Bxc3+ 7. bxc3 d6 8.
e4 g5 9. Bg3 Nxe4 10. Qc2 Nxg3 11. fxg3 d5 12. Be2 dxc4 13. Bxc4 g4 14. Nh4 Na5
15. Qa4+ Nc6 16. O-O-O Qg5+ 17. Kb2 Qa5 18. Bb3 Qxa4 19. Bxa4 Bd7 20. Rhe1 Na5
21. Bxd7+ Kxd7 22. d5 Nc4+ 23. Ka1 Na3 24. dxe6+ Kc8 25. Kb2 Nc4+ 26. Kb3 Na5+
27. Ka4 Nc4 28. exf7 Nb2+ 29. Kb3 Nxd1 30. Re8+ Kd7 31. Rxa8 Rxa8 0-1

[Event "AUTO-OPEN-68"]
[Site "http://www.queenalice.com/game.php?id=8512"]
[Date "2005.4.1"]
[Round "1"]
[White "recruta_zero"]
[Black "s4cryphycy4l"]
[Result "1-0"]
[WhiteElo "1607"]
[BlackElo "1477"]

1. e4 c5 2. Bc4 d6 3. Qf3 e6 4. Nh3 Nc6 5. d3 a6 6. Ng5 Nf6 7. Nc3 Ne5 8. Qe2 b5
9. d4 Nxc4 10. dxc5 dxc5 11. e5 Nd7 12. Nf3 Bb7 13. Bg5 Bxf3 14. Bxd8 Bxe2 15.
Nxe2 Rxd8 16. b3 Ncxe5 17. Nc3 c4 18. b4 Bxb4 19. O-O Bxc3 20. Rad1 O-O 21. h3
Nf6 22. Rxd8 Rxd8 23. a3 Bb2 24. Re1 Ng6 25. g3 Bxa3 26. Kg2 Rd2 27. c3 Bc5 28.
Rf1 a5 29. h4 a4 30. Kf3 a3 31. Kg2 Rxf2+ 32. Rxf2 1-0

[Event "AUTO-OPEN-68"]
[Site "http://www.queenalice.com/game.php?id=8513"]
[Date "2005.4.1"]
[Round "1"]
[White "s4cryphycy4l"]
[Black "ashmaster"]
[Result "1-0"]
[WhiteElo "1674"]
[BlackElo "1166"]

1. e4 e5 2. Nf3 Nf6 3. Nc3 Nc6 4. d4 exd4 5. Nxd4 Nxd4 6. Qxd4 d6 7. Bg5 Be7 8.
O-O-O O-O 9. Qd3 Be6 10. Kb1 Ng4 11. Bxe7 Qxe7 12. Qg3 Rfd8 13. Bd3 1-0

[Event "AUTO-OPEN-68"]
[Site "http://www.queenalice.com/game.php?id=8514"]
[Date "2005.4.1"]
[Round "1"]
[White "ashmaster"]
[Black "s4cryphycy4l"]
[Result "0-1"]
[WhiteElo "1166"]
[BlackElo "1674"]

1. e4 c5 2. Nf3 d6 3. Bb5+ Bd7 4. Bxd7+ Nxd7 5. O-O Ngf6 6. d4 cxd4 7. Qxd4 g6
8. Bf4 e5 9. Nxe5 dxe5 10. Bxe5 Nxe5 11. Qxe5+ Qe7 12. Qxe7+ Bxe7 13. Re1 O-O
0-1

[Event "AUTO-OPEN-69"]
[Site "http://www.queenalice.com/game.php?id=8705"]
[Date "2005.4.3"]
[Round "1"]
[White "jiikoo"]
[Black "s4cryphycy4l"]
[Result "0-1"]
[WhiteElo "1785"]
[BlackElo "1500"]

1. e4 c5 2. Nf3 d6 3. d4 cxd4 4. Nxd4 Nf6 5. Nc3 Nc6 6. Bg5 e5 7. Nf3 Be7 8. Bc4
a6 9. a3 b5 10. Ba2 O-O 11. O-O Bb7 12. Re1 h6 13. Bxf6 Bxf6 14. Nd5 Qd7 15. Nb6
Qg4 16. Nxa8 Rxa8 17. Qxd6 Nd4 18. Nxe5 Bxe5 19. f3 Qh5 20. Qd7 Qxh2+ 21. Kf1
Rb8 22. Qxf7+ Kh8 23. Rac1 Bg3 0-1

[Event "AUTO-OPEN-69"]
[Site "http://www.queenalice.com/game.php?id=8706"]
[Date "2005.4.3"]
[Round "1"]
[White "s4cryphycy4l"]
[Black "Cuti"]
[Result "0-1"]
[WhiteElo "1843"]
[BlackElo "1264"]

1. d4 Nf6 2. c4 e6 3. Bg5 b6 4. Nc3 Bb4 5. Nf3 d5 6. e3 Bxc3+ 7. bxc3 dxc4 8.
Bxc4 O-O 9. O-O Bb7 10. h3 Qd7 11. Bxf6 gxf6 12. Nh2 Qc6 13. d5 Qxc4 14. dxe6
fxe6 15. Qd7 Nxd7 0-1

[Event "AUTO-OPEN-69"]
[Site "http://www.queenalice.com/game.php?id=8707"]
[Date "2005.4.3"]
[Round "1"]
[White "Cuti"]
[Black "s4cryphycy4l"]
[Result "1-0"]
[WhiteElo "1461"]
[BlackElo "1528"]

1. d4 e6 2. b3 c5 3. Bb2 cxd4 4. Qxd4 Nc6 5. Qa4 Nf6 6. e3 a6 7. Nd2 d5 8. c4
Bb4 9. Nf3 Ne4 10. O-O-O O-O 11. Nxe4 Qe7 12. cxd5 exd5 13. Rxd5 Qxe4 14. Bc4 b5
15. Bxb5 axb5 16. Qxb5 Bb7 17. Rhd1 Rfb8 18. Rd7 Ra5 19. Qd3 Qxd3 20. R1xd3 Rxa2
21. Ng5 Rxb2 22. Kxb2 Ne5 23. Rd8+ Bf8 24. Rxb8 Nxd3+ 25. Kc2 1-0

[Event "AUTO-OPEN-69"]
[Site "http://www.queenalice.com/game.php?id=8708"]
[Date "2005.4.3"]
[Round "1"]
[White "s4cryphycy4l"]
[Black "ryanwilson"]
[Result "0-1"]
[WhiteElo "1461"]
[BlackElo "1487"]

1. d4 d6 2. h3 Nf6 3. Nf3 Nc6 4. c4 Nb4 5. Qa4+ Nc6 6. d5 Bd7 7. dxc6 Bxc6 8.
Qb3 g6 9. Bd2 Bg7 10. Ng5 O-O 11. Bc3 Ne4 12. Nxe4 Bxc3+ 13. Nbxc3 Qd7 14. O-O-O
Qf5 15. f3 Rfe8 16. g4 Qf4+ 17. Kb1 e5 18. h4 a5 19. g5 Qf5 20. Ka1 a4 21. Qc2
Ra5 22. h5 Bxe4 23. Nxe4 Rea8 24. Bh3 Qf4 0-1

[Event "AUTO-OPEN-69"]
[Site "http://www.queenalice.com/game.php?id=8709"]
[Date "2005.4.3"]
[Round "1"]
[White "ryanwilson"]
[Black "s4cryphycy4l"]
[Result "1-0"]
[WhiteElo "1502"]
[BlackElo "1440"]

1. e4 c5 2. Nf3 d6 3. Bb5+ Bd7 4. Qe2 a6 5. Bxd7+ Nxd7 6. c3 Ngf6 7. d4 cxd4 8.
cxd4 g6 9. Nc3 Bg7 10. Be3 O-O 11. e5 dxe5 12. dxe5 Ng4 13. O-O Ngxe5 14. Rad1
Qc7 15. Nd5 Nxf3+ 16. Qxf3 Qe5 17. Rfe1 Qxb2 18. Nxe7+ Kh8 19. Rxd7 Qxa2 20.
Qxb7 Rab8 21. Qe4 Rfe8 22. g3 Bf6 23. Bd4 Kg7 24. Bxf6+ 1-0

[Event "AUTO-OPEN-70"]
[Site "http://www.queenalice.com/game.php?id=8959"]
[Date "2005.4.5"]
[Round "1"]
[White "pedrinhoIII"]
[Black "s4cryphycy4l"]
[Result "1-0"]
[WhiteElo "1568"]
[BlackElo "1843"]

1. e4 c5 2. Qf3 Nc6 3. Bc4 e6 4. Nh3 Nd4 5. Qd3 a6 6. c3 Nc6 7. Qf3 b5 8. Bb3
Nf6 9. Ng5 Be7 10. d3 Ne5 11. Qg3 Nfg4 12. d4 Bxg5 13. Bxg5 Qxg5 14. f4 Nd3+ 15.
Qxd3 c4 16. Qf3 cxb3 17. fxg5 1-0

[Event "AUTO-OPEN-70"]
[Site "http://www.queenalice.com/game.php?id=8960"]
[Date "2005.4.5"]
[Round "1"]
[White "s4cryphycy4l"]
[Black "pedrinhoIII"]
[Result "0-1"]
[WhiteElo "1585"]
[BlackElo "1462"]

1. e4 e5 2. Nf3 Qf6 3. Nc3 Bc5 4. Bc4 d6 5. d3 h6 6. Nd5 Qd8 7. b4 Bd4 8. c3 Bb6
9. h3 c6 10. Nxb6 Qxb6 11. Be3 Qd8 12. O-O d5 13. exd5 cxd5 14. Bb5+ Nc6 15.
Nxe5 Bd7 16. Nxc6 bxc6 17. Ba4 Qf6 18. Re1 O-O-O 19. Bxa7 Qg6 20. Qf3 c5 21.
Bxd7+ Rxd7 22. Bxc5 f6 23. a4 Kc7 24. a5 Kb7 25. a6+ Ka8 26. a7 f5 27. c4 Nf6
0-1